[Event "Toronto NAYCC U12"]
[Site "Toronto"]
[Date "2013.08.15"]
[Round "2"]
[White "Li, William"]
[Black "Minzak, Michael"]
[Result "1-0"]
[WhiteElo "1409"]
[BlackElo "1051"]
[PlyCount "65"]
[EventDate "2013.08.14"]
[EventType "swiss"]
[EventRounds "9"]
[EventCountry "CAN"]
[SourceTitle "EXT 2022"]
[Source "ChessBase"]
[SourceDate "2021.10.06"]
[SourceVersion "1"]
[SourceVersionDate "2021.10.06"]
[SourceQuality "1"]

1. e4 e5 2. Nf3 Nc6 3. Bc4 Bc5 4. c3 Nf6 5. d4 exd4 6. cxd4 Bb4+ 7. Bd2 Nxe4 8. Bxb4 Nxb4 9. Bxf7+ Kxf7 10. Qb3+ d5 11. Ne5+ Ke8 12. Qxb4 c5 13. Qa4+ Bd7 14. Nxd7 Qxd7 15. Qxd7+ Kxd7 16. dxc5 Nxc5 17. 0-0 Rae8 18. Nc3 Kc6 19. Rfd1 Rd8 20. Rac1 Rhe8 21. Na4 b6 22. b4 Kb5 23. Nxc5 bxc5 24. bxc5 Re7 25. Rd2 Rde8 26. f3 Rd7 27. c6 Rd6 28. Rb2+ Ka5 29. c7 Rc8 30. Rb8 Rxc7 31. Rxc7 Ka6 32. Rc3 d4 33. Ra3# 1-0